Coherence, reference and the Theory of Grammar

Guardat en:
Dades bibliogràfiques
Autor principal: Kehler, Andrew (Autor)
Format: Llibre
Idioma:anglès
Publicat: Stanford CSLI 1999
Matèries:
Etiquetes: Afegir etiqueta
Sense etiquetes, Sigues el primer a etiquetar aquest registre!

MARC

LEADER 00000cam a2200000 a 4500
001 UCF8417
003 CL-VaPUC
008 130829e19990000us |||||||||||||||||eng|d
020 |a 1575862166 
082 0 4 |a 401.41  |b KEH  |2 21 
100 0 |a Kehler, Andrew  |e author  |9 570486 
245 1 0 |a Coherence, reference and the Theory of Grammar 
300 |a 226 p 
942 |c BK 
945 |d 20130829 16:45:00  |a dcastane 
260 |a Stanford  |b CSLI  |c 1999 
650 0 |a Análisis del discurso  |9 256696 
650 7 |a COHESION LINGUISTICA  |2 CL-VaPUC  |9 470966 
583 |a last modification  |c 20130829 16:45:00  |k Rodrigo Vera 
999 |c 352989  |d 352987 
952 |0 0  |1 0  |3 erb  |4 0  |6 401_410000000000000_KEH_1999  |7 0  |8 A  |9 457796  |a FDOPOS  |b FDOPOS  |d 2019-11-23  |i 4998804  |o 401.41 KEH 1999  |p 4998804  |r 2025-01-22  |w 2019-11-23  |y BK  |z Catalogado en:20130829  |k DLA